60 największych miast świata - Statystyki

Ogólne statystyki
  • Ten quiz został rozwiązany 291 razy
  • Średni wynik to 21 z 59
Statystyki odpowiedzi
populacja miasto % Poprawnych
13.161.000 Tokio
88%
10.452.000 Moskwa
85%
11.125.000 Nowy Jork
81%
10.123.000 Pekin
80%
7.556.000 Londyn
79%
3.849.000 Los Angeles
71%
3.440.000 Berlin
70%
11.289.000 Stambuł
70%
3.213.000 Madryt
66%
8.836.000 Meksyk
63%
6.758.000 Kair
62%
23.019.000 Szanghaj
60%
6.161.000 Rio de Janeiro
58%
4.596.000 Petersburg
56%
3.050.000 Buenos Aires
55%
12.259.000 Delhi
54%
10.421.000 Seul
52%
8.489.000 Dżakarta
49%
8.310.000 São Paulo
48%
7.797.000 Teheran
46%
6.985.000 Hongkong
43%
3.901.000 Ankara
42%
7.605.000 Lima
41%
7.155.000 Bogota
40%
6.972.000 Bangkok
39%
7.937.000 Lagos
36%
13.922.000 Mumbaj
36%
4.985.000 Santiago
36%
4.839.000 Singapur
33%
6.737.000 Dhaka
30%
4.653.000 Kanton
30%
5.337.000 Bagdad
29%
5.080.000 Kalkuta
29%
4.465.000 Rijad
29%
3.888.000 Johannesburg
28%
7.843.000 Kinszasa
28%
4.593.000 Wuhan
27%
3.038.000 Nairobi
26%
12.991.000 Karaczi
24%
3.497.000 Kapsztad
22%
4.110.000 Aleksandria
18%
6.650.000 Ho Chi Minh
15%
3.255.000 Pjongjang
13%
5.780.000 Chongqing
11%
3.802.000 Abidżan
10%
4.590.000 Ćennaj
9%
3.650.000 Jokohama
8%
6.318.000 Lahaur
7%
5.800.000 Tiencin
7%
4.025.000 Hajdarabad
5%
3.913.000 Ahmadabad
4%
3.468.000 Durban
4%
3.337.000 Pune
4%
3.615.000 Pusan
4%
4.088.000 Rangun
4%
3.102.000 Jaipur
3%
4.274.000 Surat
3%
3.995.000 Shenyang
2%
3.144.000 Kanpur
1%
Nie znaleziono quizów pasujących do podanych kryteriów
Rozkład punktacji
Procent ludzi z każdym wynikiem
Percentyl według liczby udzielonych odpowiedzi
Twoja historia wyników
Nie rozwiązałeś tego quizu